Mathematics for elementary school teachers /

Bibliographic Details
Main Author: Gerber, Harvey
Format: Book
Language:English
Published: Philadelphia : Saunders College Pub., [1982]
Subjects:

MARC

Tag First Indicator Second Indicator Subfields
LEADER 00000cam a2200000 a 4500
001 in00000079231
005 20151008060801.0
008 820406s1982 paua 00110 eng
010 |a  81053085  
020 |a 0030583268 
020 |z 0003583268 
035 |a (OCoLC)08409558 
035 |9 AAJ6564AM 
039 0 |a 2  |b 3  |c 3  |d 3  |e 3 
040 |a DLC  |c DLC  |d TXA  |d UtOrBLW 
049 |a TXAM  |c [1362253] 
050 0 0 |a QA39.2  |b .G46 
082 0 |a 513/.13  |2 19 
100 1 |a Gerber, Harvey. 
245 1 0 |a Mathematics for elementary school teachers /  |c Harvey Gerber. 
264 1 |a Philadelphia :  |b Saunders College Pub.,  |c [1982] 
264 4 |c ©1982 
300 |a xi, 546 pages :  |b illustrations ;  |c 25 cm. 
336 |a text  |b txt  |2 rdacontent 
337 |a unmediated  |b n  |2 rdamedia 
338 |a volume  |b nc  |2 rdacarrier 
500 |a Includes index. 
650 0 |a Mathematics. 
650 0 |a Mathematics  |x Study and teaching (Elementary) 
999 |a MARS 
999 f f |s 3456d7f1-e2e7-3ad0-9025-ae46c5c2f7fd  |i 0054ff8a-acd0-3345-b3e8-054814d7279d  |t 0 
952 f f |p ric  |a Texas A&M University  |b Rellis Campus  |c Joint Library Facility  |d Remote Storage  |t 0  |e QA39.2 .G46  |h Library of Congress classification  |i unmediated -- volume  |m A14806201041 
998 f f |a QA39.2 .G46  |t 0  |l Remote Storage